| 000 | 00501nam a2200157Ia 4500 | ||
|---|---|---|---|
| 008 | 140609s9999 xx 000 0 und d | ||
| 020 | _a9789712724534 | ||
| 050 |
_aGR 325 _b.C263 2011 |
||
| 100 | _aCasanova, Arthur P. | ||
| 245 |
_aMga kuwentong-bayan ng katimugang Pilipinas / _cArthur P. Casanova, Rolando C. Esteban, Ivie C. Esteban |
||
| 260 |
_aManila, Philippines : _bAnvil Pub., _cc2011. |
||
| 300 |
_a198 p. : _bill. ; _c23 cm. |
||
| 521 | _aGE | ||
| 942 |
_kLOC _cBK |
||
| 999 |
_c118209 _d118209 |
||